Top Five US States by Category - Statistics

General Stats
  • This quiz has been taken 687 times
  • The average score is 52 of 65
Answer Stats
Category State % Correct
Biggest Population California
99%
California
99%
California
99%
Most Tourists California
99%
Biggest Economy California
99%
California
99%
California
99%
Largest Military Personnel California
99%
California
99%
New York
98%
New York
98%
New York
98%
Population of Biggest City New York
98%
New York
98%
Texas
98%
Texas
98%
Texas
98%
Texas
98%
Texas
98%
Texas
98%
Florida
97%
Florida
97%
Florida
97%
Florida
97%
Florida
97%
Biggest Area Alaska
92%
Longest Coastline Alaska
92%
Alaska
92%
Alaska
92%
Alaska
92%
Smallest Population Density Alaska
92%
Hawaii
82%
Hawaii
82%
Highest Life Expectancy Hawaii
82%
Most Expensive Hawaii
82%
Montana
81%
Montana
81%
Illinois
76%
Illinois
76%
Illinois
76%
Rhode Island
74%
Smallest Population Wyoming
72%
Wyoming
72%
North Dakota
64%
North Dakota
64%
New Jersey
63%
Highest Population Density New Jersey
63%
South Dakota
62%
South Dakota
62%
New Mexico
61%
Nevada
60%
Pennsylvania
58%
Vermont
58%
Massachusetts
56%
Massachusetts
56%
Massachusetts
56%
Highest Income Per Capita Maryland
55%
Maryland
55%
Virginia
55%
Connecticut
53%
Connecticut
53%
Connecticut
53%
North Carolina
53%
Louisiana
48%
Minnesota
39%
No matching quizzes found
Score Distribution
Percent of People with Each Score
Percentile by Number Answered
Your Score History
You have not taken this quiz